Lukratívna Nafta Gbely Príloha
Základná charakteristika podniku Nafta, a.s. Gbely. História podniku. Štruktúra akcionárov. Finančno-ekonomická analýza. Finančné investície. Odberateľská klientela. Ropno-plynové ložiská. Základné ekonomické a finančné ukazovatele. Rast akcií na kapitálovom trhu. Likvidita. SWOT analýza.
Gespeichert in:
| 1. Verfasser: | |
|---|---|
| Format: | Buchkapitel |
| Sprache: | Slowakisch |
| Schlagworte: | |
| Tags: |
Keine Tags, Fügen Sie das erste Tag hinzu!
|
MARC
| LEADER | 00000naa a2200000 4500 | ||
|---|---|---|---|
| 001 | r026606 | ||
| 005 | 20251104123606.3 | ||
| 041 | 0 | |a slo | |
| 044 | |a SK | ||
| 245 | 1 | 0 | |a Lukratívna Nafta Gbely |b Príloha |c J. Kukučka |
| 520 | |a Základná charakteristika podniku Nafta, a.s. Gbely. História podniku. Štruktúra akcionárov. Finančno-ekonomická analýza. Finančné investície. Odberateľská klientela. Ropno-plynové ložiská. Základné ekonomické a finančné ukazovatele. Rast akcií na kapitálovom trhu. Likvidita. SWOT analýza. | ||
| 610 | 2 | 0 | |a Nafta, a.s. Gbely |
| 610 | 2 | 0 | |a podnik |
| 610 | 2 | 0 | |a analýza finančná |
| 610 | 2 | 0 | |a podnik priemyselný |
| 610 | 2 | 0 | |a ropa |
| 610 | 2 | 0 | |a Slovensko |
| 610 | 2 | 0 | |a trh kapitálový |
| 610 | 2 | 0 | |a akcie |
| 610 | 2 | 0 | |a analýza swot |
| 610 | 2 | 0 | |a ukazovatele finančné |
| 610 | 2 | 0 | |a odberatelia |
| 610 | 2 | 0 | |a likvidita |
| 100 | 1 | |a Kukučka, J. | |